Evolución político religiosa del indígena rural en Guatemala (1945-1965) /
Salvato in:
| Autore principale: | |
|---|---|
| Natura: | testo |
| Lingua: | Spanish |
| Soggetti: | |
| Tags: |
Aggiungi Tag
Nessun Tag, puoi essere il primo ad aggiungerne!!
|
MARC
| LEADER | 00000 a a2200000 04500 | ||
|---|---|---|---|
| 001 | 7780 | ||
| 003 | cru CRAI/IIS | ||
| 005 | 20210421112452.0 | ||
| 008 | 210421b ||||| |||| 00| 0 spa d | ||
| 040 | |c cru CRAI/IIS | ||
| 100 | |a S.J, Ricardo Falla | ||
| 245 | 1 | |a Evolución político religiosa del indígena rural en Guatemala (1945-1965) / |c Ricardo Falla S.J | |
| 500 | |a Colección Centroamérica | ||
| 650 | |a POLITICA | ||
| 650 | |a RELIGION | ||
| 650 | |a CENTROAMERICA | ||
| 650 | |a GUATEMALA | ||
| 650 | |a IDEOLOGIAS | ||
| 650 | |a AMERINDIOS | ||
| 773 | |g Vol 1.,Núm1. (1972), Páginas 27-43 | ||
| 773 | 0 | |0 18875 |9 5539 |a Universidad de Costa Rica. |d San José, Costa Rica: Universidad de Costa Rica. Consejo Superior Universitario Centroamericano, 1972- |o 13773 |t Estudios Sociales Centroamericanos / |x 03039676 | |
| 942 | |2 ddc |c PP | ||
| 999 | |c 26355 |d 26355 | ||
